Словарь нивхско-русский и русско-нивхский (амурский диалект) (Запись № 11079406)

Подробности
000 -МАРКЕР
контрольное поле 02094nam0a2200409 4500
001 - ИДЕНТИФИКАТОР ЗАПИСИ
контрольное поле RU\NLR\BIBL_A\011321206
005 - ИДЕНТИФИКАТОР ВЕРСИИ
контрольное поле 20230403142801.0
010 ## - МЕЖДУНАРОДНЫЙ СТАНДАРТНЫЙ НОМЕР КНИГИ (ISBN)
Номер (ISBN) 978-5-09-050185-9
Тираж 71
021 ## - НОМЕР ГОСУДАРСТВЕННОЙ РЕГИСТРАЦИИ
Код страны Российская Федерация
Номер 2017-90874
Номер Листа государственной регистраци 6499
021 ## - НОМЕР ГОСУДАРСТВЕННОЙ РЕГИСТРАЦИИ
Код страны Российская Федерация
Номер 2016-102804
Номер Листа государственной регистраци 6852
035 ## - ДРУГИЕ СИСТЕМНЫЕ НОМЕРА
Идентификатор записи (NLR Aleph) 011321206
100 ## - ДАННЫЕ ОБЩЕЙ ОБРАБОТКИ
Данные общей обработки 20170206d2016 u y0rusy50 ca
101 0# - ЯЗЫК РЕСУРСА
Язык текста, звукозаписи и т.д. русский
-- гиляцкий, нивхский
102 ## - СТРАНА ПУБЛИКАЦИИ ИЛИ ПРОИЗВОДСТВА
Страна публикации Российская Федерация
105 ## - ПОЛЕ КОДИРОВАННЫХ ДАННЫХ: ТЕКСТОВЫЕ МАТЕРИАЛЫ, МОНОГРАФИЧЕСКИЕ
Кодированные данные о монографическом текстовом документе y e 000zy
200 1# - ЗАГЛАВИЕ И СВЕДЕНИЯ ОБ ОТВЕТСТВЕННОСТИ
Основное заглавие Словарь нивхско-русский и русско-нивхский (амурский диалект)
Сведения, относящиеся к заглавию около 4000 слов
-- учебное пособие для общеобразовательных организаций
Первые сведения об ответственности Ч.М. Таксами
205 ## - СВЕДЕНИЯ ОБ ИЗДАНИИ
Сведения об издании 3-е изд., перераб.
210 ## - ПУБЛИКАЦИЯ, РАСПРОСТРАНЕНИЕ И ДР.
Место издания, распространения и т.д. Санкт-Петербург
Имя издателя, распространителя и т. д. Филиал изд-ва "Просвещение"
-- Просвещение
Дата издания, распространения и т.д. 2016
215 ## - ФИЗИЧЕСКАЯ ХАРАКТЕРИСТИКА
Специфическое обозначение материала и объем 212, [2] с.
Размеры 22
225 1# - СЕРИЯ
Основное заглавие серии Языки народов Севера, Сибири и Дальнего Востока
300 ## - ОБЩИЕ ПРИМЕЧАНИЯ
Текст примечания Загл. обл.: Нивхско-русский русско-нивхский словарь
300 ## - ОБЩИЕ ПРИМЕЧАНИЯ
Текст примечания Изд. за счет средств Хабар. края
512 1# - ЗАГЛАВИЕ ОБЛОЖКИ
Заглавие обложки Нивхско-русский русско-нивхский словарь
606 1# - НАИМЕНОВАНИЕ ТЕМЫ КАК ПРЕДМЕТ
Наименование темы Нивхский язык
Тематический подзаголовок Словари
-- Русский язык
Системный номер авторитетной/нормативной записи 1725307
Идентификатор авторитетной/нормативной записи RU\NLR\AUTH\66770389
606 1# - НАИМЕНОВАНИЕ ТЕМЫ КАК ПРЕДМЕТ
Наименование темы Русский язык
Тематический подзаголовок Словари
-- Нивхский язык
Системный номер авторитетной/нормативной записи 1537863
Идентификатор авторитетной/нормативной записи RU\NLR\AUTH\66971532
606 1# - НАИМЕНОВАНИЕ ТЕМЫ КАК ПРЕДМЕТ
Наименование темы Нивхский язык
Формальный подзаголовок Словари
Тематический подзаголовок Амурский диалект
Системный номер авторитетной/нормативной записи 2595281
Идентификатор авторитетной/нормативной записи RU\NLR\AUTH\661533468
686 1# - ИНДЕКСЫ ДРУГИХ КЛАССИФИКАЦИЙ
Индекс Ш175.35-491перев
686 1# - ИНДЕКСЫ ДРУГИХ КЛАССИФИКАЦИЙ
Индекс Ш141.12-491перев
700 #1 - ИМЯ ЛИЦА - ПЕРВИЧНАЯ ОТВЕТСТВЕННОСТЬ
Код отношения Автор
Графика поля Кириллица
Материалы, к которым относится поле rus
Начальный элемент ввода Таксами
Часть имени, кроме начального элемента ввода Ч. М.
Даты 1931-2014
Расширение инициалов личного имени Чунер Михайлович
Системный номер авторитетной/нормативной записи 254438
Идентификатор авторитетной/нормативной записи RU\NLR\AUTH\770254494
852 ## - МЕСТОНАХОЖДЕНИЕ И ШИФР ХРАНЕНИЯ
Идентификатор организации NLR
Наименование фонда или коллекции (Sub-Location Identifier) ОНЛ
Шифр хранения (Call Number) Нивх./3-23
942 ## - ДОПОЛНИТЕЛЬНЫЕ ЭЛЕМЕНТЫ ЗАПИСИ (АБИС)
Тип экземпляра АБИС Книга
980 ## - КОЛЛЕКЦИЯ
Название коллекции Запрос на оцифровку
980 ## - КОЛЛЕКЦИЯ
Название коллекции Национальная библиография
Экземпляры
Тип экземпляра Дата поступления Источник поступления Библиотека постоянного хранения Библиотека текущего хранения Место хранения Шифр хранения Штрих-код Статус экземпляра Стоимость
Книга 06.02.2017 Обязательный экземпляр РНБ (Московский) РНБ (Московский) Фонд национальных литератур ОНЛ Нивх./3-23 1-1711241    
Книга 15.12.2017 Обязательный экземпляр РНБ (Московский) РНБ (Московский) Обменный фонд   1-2115845   300.00